000 00808cam a22002777a 4500
003 CHAP
005 20220329141432.0
008 971013s1985 r 00010 d
010 _a68089
011 _a69061
035 _a78535
040 _cCHAP
082 _a582.13
_bH4y
100 0 0 _aHeywood, V. H.
_955127
245 1 4 _aLas plantas con flores
260 _aBarcelona :
_bReverte,
_c1985
300 _a332 p.
_b: ilus.
590 _aBATCH-UPD
_b10
_c20130110
_lUCH01
_h1551
590 _aCONVERSION
_b10
_c20130109
_lUCH01
_h1337
650 1 4 _aAngiospermas.
_95797
650 1 4 _aFlores.
_941358
901 _aBK
942 _cLIBRO
949 _a582.13 H4Y
_bBC
_cC
_d-31409
_eC
_gI.136203
_h72179
_i78535
_si
_t37.05
949 _a582.13 H4Y
_bBC
_cC
_d33724000531471
_eC
_fc.2
_gI.136204
_h72180
_i78535
_si
_t37.05
999 _c68089
_d68089